000 00849cam a22001815a 4500
001 L153060
008 110601e2011 xxk 000 0 eng d
035 _a(Sirsi) u153060
041 0 _aeng
100 1 _aLane, Thomas
245 0 4 _aThe regs files
_ba guide to codes and regulations updated 2011
260 _c2011
490 _aBuilding
_v276 (8680) 27 May 2011, 1-30(23)
520 _aRegulations Special includes a round up of what's in force and what's coming up; Part L in practice, Part F and Part G, how one project team got to grips with the 2010 regs; the better homes lab - heat loss from 'energy efficient' homes is a real problem - now the research bods are determined to solve it; products - the latest crop of carbon-saving innovations, on sale now.
690 _aBuilding regulations
_96224
700 1 _aSmith, Alex
942 _n0
999 _c83175
_d83175